Sports Quiz

Random Sports or NBA Quiz

NBA championship team's sixth man Quiz Stats

 Plays Quiz not verified by Sporcle

Challenge
Share
Tweet
Embed
Score 0/37 Timer 08:00
0 Plays Today
team Answer % Correct
Warriors???
83.6%
Spurs???
67.3%
Spurs???
67.3%
Heat???
47.3%
Mavericks???
43.6%
Bulls???
43.6%
Bulls???
43.6%
Lakers???
38.2%
Lakers???
38.2%
Lakers???
38.2%
Lakers???
38.2%
Lakers???
38.2%
Bulls???
36.4%
76ers???
36.4%
Lakers???
30.9%
Lakers???
30.9%
Bulls???
30.9%
Pistons???
30.9%
Pistons???
30.9%
team Answer % Correct
Celtics???
30.9%
Celtics???
30.9%
Cavaliers???
29.1%
Heat???
29.1%
Bulls???
29.1%
Bulls???
29.1%
Heat???
21.8%
Rockets???
21.8%
Rockets???
21.8%
Lakers???
20%
Lakers???
18.2%
Celtics???
18.2%
Spurs???
18.2%
Pistons???
12.7%
Lakers???
12.7%
Spurs???
10.9%
Spurs???
5.5%
Celtics???
3.6%

You're not logged in!

Compare scores with friends on all Sporcle quizzes.
OR
Log In

You Might Also Like...

Show Comments

Extras

Top Quizzes Today


Score Distribution

Your Account Isn't Verified!

In order to create a playlist on Sporcle, you need to verify the email address you used during registration. Go to your Sporcle Settings to finish the process.

Report this User

Report this user for behavior that violates our Community Guidelines.

Details: